000 00280nam a22001337a 4500
008 190304b xxu||||| |||| 00| 0 eng d
020 _a9780619018801
041 _aeng
080 _22nd
_a004
100 _a28
101 _ashk
245 _aHTML
_cReding,E.E
942 _2udc
_cBK
999 _c54402
_d54402